[Event "Benidorm Satellite preliminary"]
[Site "playchess.com #007036"]
[Date "2009.10.24"]
[Round "12"]
[White "Plamínek"]
[Black "Musterlukas"]
[Result "1-0"]
[WhiteElo "2073"]
[BlackElo "1839"]
[PlyCount "153"]
[EventDate "2009.10.24"]
[EventType "swiss (blitz)"]

1. e4 {[%emt 0:00:05]} c5 {[%emt 0:00:03]} 2. f4 {[%emt 0:00:03]} d6 {[%emt 0:
00:01]} 3. Nf3 {[%emt 0:00:01]} g6 {[%emt 0:00:01]} 4. Nc3 {[%emt 0:00:02]} Bg7
{[%emt 0:00:01]} 5. Bc4 {[%emt 0:00:01]} e6 {[%emt 0:00:02]} 6. Qe2 {[%emt 0:
00:02]} Ne7 {[%emt 0:00:01]} 7. d3 {[%emt 0:00:02]} O-O {[%emt 0:00:02]} 8. O-O
{[%emt 0:00:02]} a6 {[%emt 0:00:01]} 9. a4 {[%emt 0:00:01]} Nbc6 {[%emt 0:00:
03]} 10. Kh1 {[%emt 0:00:06]} d5 {[%emt 0:00:09]} 11. Ba2 {[%emt 0:00:04]} d4 {
[%emt 0:00:05]} 12. Nd1 {[%emt 0:00:23]} b5 {[%emt 0:00:06]} 13. Nf2 {[%emt 0:
00:18]} Bb7 {[%emt 0:00:04]} 14. Bd2 {[%emt 0:00:11]} Qc7 {[%emt 0:00:16]} 15.
h4 {[%emt 0:00:10]} Rfe8 {[%emt 0:00:07]} 16. h5 {[%emt 0:00:09]} Nb4 {[%emt 0:
00:12]} 17. Bb3 {[%emt 0:00:05]} Bc6 {[%emt 0:00:13]} 18. a5 {[%emt 0:00:05]}
Bb7 {[%emt 0:00:06]} 19. Kg1 {[%emt 0:00:07]} Rac8 {[%emt 0:00:06]} 20. Bxb4 {
[%emt 0:00:05]} cxb4 {[%emt 0:00:02]} 21. g3 {[%emt 0:00:02]} Qc5 {[%emt 0:00:
10]} 22. hxg6 {[%emt 0:00:11]} hxg6 {[%emt 0:00:03]} 23. Ng4 {[%emt 0:00:12]}
Qh5 {[%emt 0:00:31]} 24. Ng5 {[%emt 0:00:47]} Rc7 {[%emt 0:01:12] '} 25. Kg2 {
[%emt 0:00:05]} Nf5 {[%emt 0:00:05]} 26. Rh1 {[%emt 0:00:06]} Ne3+ {[%emt 0:00:
03]} 27. Qxe3 {[%emt 0:00:07]} Qxg4 {[%emt 0:00:03]} 28. Qf3 {[%emt 0:00:04]}
Qxf3+ {[%emt 0:00:01]} 29. Kxf3 {[%emt 0:00:01]} Rd8 {[%emt 0:00:01]} 30. Ke2 {
[%emt 0:00:07]} Bc8 {[%emt 0:00:01]} 31. Nf3 {[%emt 0:00:02]} Rf8 {[%emt 0:00:
04]} 32. Rh2 {[%emt 0:00:03]} Re8 {[%emt 0:00:02]} 33. Rah1 {[%emt 0:00:02]}
Bf6 {[%emt 0:00:01]} 34. e5 {[%emt 0:00:02]} Bg7 {[%emt 0:00:01]} 35. Ng5 {
[%emt 0:00:01]} Rd8 {[%emt 0:00:02]} 36. Ne4 {[%emt 0:00:02]} Bb7 {[%emt 0:00:
03]} 37. Kf3 {[%emt 0:00:04]} Rcd7 {[%emt 0:00:03]} 38. g4 {[%emt 0:00:02]} Rc7
{[%emt 0:00:02]} 39. g5 {[%emt 0:00:01]} Rdc8 {[%emt 0:00:02]} 40. Re2 {[%emt
0:00:02]} Bxe4+ {[%emt 0:00:01]} 41. Kxe4 {[%emt 0:00:01]} Rc6 {[%emt 0:00:03]}
42. Kxd4 {[%emt 0:00:01]} Rd8+ {[%emt 0:00:01]} 43. Ke4 {[%emt 0:00:01]} Bf8 {
[%emt 0:00:01]} 44. d4 {[%emt 0:00:03]} Rc7 {[%emt 0:00:03]} 45. Rd2 {[%emt 0:
00:01]} Rcd7 {[%emt 0:00:01]} 46. Rhd1 {[%emt 0:00:01]} Kg7 {[%emt 0:00:02]}
47. d5 {[%emt 0:00:02]} exd5+ {[%emt 0:00:01]} 48. Rxd5 {[%emt 0:00:01]} Rxd5 {
[%emt 0:00:01]} 49. Rxd5 {[%emt 0:00:01]} Rxd5 {[%emt 0:00:01]} 50. Kxd5 {
[%emt 0:00:01]} Be7 {[%emt 0:00:05]} 51. Kc6 {[%emt 0:00:01]} Bf8 {[%emt 0:00:
02]} 52. Kb7 {[%emt 0:00:01]} Bc5 {[%emt 0:00:01]} 53. Kxa6 {[%emt 0:00:01]}
Be3 {[%emt 0:00:00]} 54. Kxb5 {[%emt 0:00:01]} Bxf4 {[%emt 0:00:01]} 55. e6 {
[%emt 0:00:01]} fxe6 {[%emt 0:00:02]} 56. Bxe6 {[%emt 0:00:01]} Bxg5 {[%emt 0:
00:01]} 57. Kxb4 {[%emt 0:00:01]} Bd2+ {[%emt 0:00:01]} 58. Kb5 {[%emt 0:00:01]
} Kf6 {[%emt 0:00:00]} 59. Bc8 {[%emt 0:00:03]} Ke5 {[%emt 0:00:02]} 60. c4 {
[%emt 0:00:01]} Kd6 {[%emt 0:00:01]} 61. c5+ {[%emt 0:00:01]} Kc7 {[%emt 0:00:
01]} 62. Bg4 {[%emt 0:00:02]} Be1 {[%emt 0:00:03]} 63. b4 {[%emt 0:00:02]} g5 {
[%emt 0:00:01]} 64. a6 {[%emt 0:00:01]} Kb8 {[%emt 0:00:07]} 65. c6 {[%emt 0:
00:10]} Bf2 {[%emt 0:00:06]} 66. Kc4 {[%emt 0:00:01]} Ka7 {[%emt 0:00:01]} 67.
b5 {[%emt 0:00:01]} Kb6 {[%emt 0:00:01]} 68. Kd5 {[%emt 0:00:01]} Bg3 {[%emt 0:
00:01]} 69. Ke6 {[%emt 0:00:07]} Bc7 {[%emt 0:00:01]} 70. Kd7 {[%emt 0:00:01]}
Bf4 {[%emt 0:00:01]} 71. c7 {[%emt 0:00:06]} Bxc7 {[%emt 0:00:01]} 72. a7 {
[%emt 0:00:01]} Kxa7 {[%emt 0:00:03]} 73. Kxc7 {[%emt 0:00:01]} Ka8 {[%emt 0:
00:02]} 74. Bf3+ {[%emt 0:00:02]} Ka7 {[%emt 0:00:01]} 75. b6+ {[%emt 0:00:01]}
Ka6 {[%emt 0:00:02]} 76. b7 {[%emt 0:00:01]} Ka5 {[%emt 0:00:03]} 77. b8=Q {
[%emt 0:00:02] Musterlukas resigns} 1-0

[Event "Benidorm Satellite preliminary"]
[Site "playchess.com #007036"]
[Date "2009.10.24"]
[Round "12"]
[White "BLiTzcHAmP"]
[Black "High_me"]
[Result "1/2-1/2"]
[WhiteElo "2713"]
[BlackElo "2562"]
[PlyCount "161"]
[EventDate "2009.10.24"]
[EventType "swiss (blitz)"]

1. e4 {[%emt 0:00:01]} e5 {[%emt 0:00:00]} 2. Nf3 {[%emt 0:00:03]} Nc6 {[%emt
0:00:01]} 3. d4 {[%emt 0:00:01]} exd4 {[%emt 0:00:01]} 4. Bc4 {[%emt 0:00:00]}
Nf6 {[%emt 0:00:01]} 5. O-O {[%emt 0:00:01]} Nxe4 {[%emt 0:00:01]} 6. Re1 {
[%emt 0:00:01]} d5 {[%emt 0:00:01]} 7. Bxd5 {[%emt 0:00:00]} Qxd5 {[%emt 0:00:
00]} 8. Nc3 {[%emt 0:00:00]} Qa5 {[%emt 0:00:01]} 9. Nxe4 {[%emt 0:00:00]} Be6
{[%emt 0:00:00]} 10. Bd2 {[%emt 0:00:01]} Bb4 {[%emt 0:00:02]} 11. Nxd4 {[%emt
0:00:03]} Nxd4 {[%emt 0:00:02]} 12. c3 {[%emt 0:00:00]} Be7 {[%emt 0:00:01]}
13. cxd4 {[%emt 0:00:01]} Qf5 {[%emt 0:00:06]} 14. Nc5 {[%emt 0:00:08]} Bxc5 {
[%emt 0:00:16]} 15. dxc5 {[%emt 0:00:01]} O-O {[%emt 0:00:20]} 16. Be3 {[%emt
0:00:03]} Rad8 {[%emt 0:00:05]} 17. Qa4 {[%emt 0:00:02]} Bd5 {[%emt 0:00:03]}
18. Rad1 {[%emt 0:00:07]} a6 {[%emt 0:00:11]} 19. b3 {[%emt 0:00:12]} Rde8 {
[%emt 0:00:33]} 20. Qf4 {[%emt 0:00:03]} Qd7 {[%emt 0:01:04]} 21. Qg3 {[%emt 0:
00:29]} Re6 {[%emt 0:00:15]} 22. f3 {[%emt 0:00:26]} Rfe8 {[%emt 0:00:07]} 23.
Bd4 {[%emt 0:00:21]} Rxe1+ {[%emt 0:00:13]} 24. Rxe1 {[%emt 0:00:01]} Rxe1+ {
[%emt 0:00:00]} 25. Qxe1 {[%emt 0:00:01]} Bxf3 {[%emt 0:00:15]} 26. Bxg7 {
[%emt 0:01:11] .} Kxg7 {[%emt 0:00:10]} 27. Qg3+ {[%emt 0:00:06]} Bg4 {[%emt 0:
00:01]} 28. h3 {[%emt 0:00:01]} h5 {[%emt 0:00:03]} 29. hxg4 {[%emt 0:00:01]}
hxg4 {[%emt 0:00:01]} 30. Qe5+ {[%emt 0:00:01]} Kg6 {[%emt 0:00:01]} 31. Qe4+ {
[%emt 0:00:01]} f5 {[%emt 0:00:01]} 32. Qxb7 {[%emt 0:00:01]} Qd4+ {[%emt 0:00:
01]} 33. Kh2 {[%emt 0:00:01]} Qe5+ {[%emt 0:00:05]} 34. Kg1 {[%emt 0:00:02]}
Qe1+ {[%emt 0:00:01]} 35. Kh2 {[%emt 0:00:00]} Qh4+ {[%emt 0:00:06]} 36. Kg1 {
[%emt 0:00:01]} Qe1+ {[%emt 0:00:00]} 37. Kh2 {[%emt 0:00:00]} Kg5 {[%emt 0:00:
05]} 38. g3 {[%emt 0:00:07]} Qf2+ {[%emt 0:00:03]} 39. Qg2 {[%emt 0:00:02]}
Qxc5 {[%emt 0:00:00]} 40. Qd2+ {[%emt 0:00:01]} Kf6 {[%emt 0:00:00]} 41. Qb2+ {
[%emt 0:00:01]} Qe5 {[%emt 0:00:01]} 42. Qc2 {[%emt 0:00:02]} Qd6 {[%emt 0:00:
01]} 43. a4 {[%emt 0:00:02]} Kg5 {[%emt 0:00:01]} 44. Qc1+ {[%emt 0:00:01]} f4
{[%emt 0:00:01]} 45. Qc3 {[%emt 0:00:19]} fxg3+ {[%emt 0:00:02]} 46. Kg2 {
[%emt 0:00:00]} Qe7 {[%emt 0:00:10]} 47. Qd2+ {[%emt 0:00:03]} Kh5 {[%emt 0:00:
02]} 48. Qd5+ {[%emt 0:00:01]} Qg5 {[%emt 0:00:01]} 49. Qf7+ {[%emt 0:00:01]}
Qg6 {[%emt 0:00:00]} 50. Qd5+ {[%emt 0:00:05]} Kh6 {[%emt 0:00:02]} 51. Kxg3 {
[%emt 0:00:03]} Kg7 {[%emt 0:00:01]} 52. Qd7+ {[%emt 0:00:01]} Qf7 {[%emt 0:00:
01]} 53. Qxg4+ {[%emt 0:00:01]} Kf6 {[%emt 0:00:02]} 54. Qf4+ {[%emt 0:00:03]}
Ke6 {[%emt 0:00:02]} 55. Qc4+ {[%emt 0:00:01]} Kf6 {[%emt 0:00:03]} 56. Qxa6+ {
[%emt 0:00:01]} Ke5 {[%emt 0:00:00]} 57. Qb5+ {[%emt 0:00:02]} Kd4 {[%emt 0:00:
00]} 58. Qb4+ {[%emt 0:00:02]} Kd3 {[%emt 0:00:02]} 59. Qb5+ {[%emt 0:00:02]}
Kc3 {[%emt 0:00:01]} 60. a5 {[%emt 0:00:04]} Qg6+ {[%emt 0:00:04]} 61. Kf4 {
[%emt 0:00:01]} Qf6+ {[%emt 0:00:00]} 62. Ke4 {[%emt 0:00:01]} Qg6+ {[%emt 0:
00:02]} 63. Qf5 {[%emt 0:00:05]} Qc6+ {[%emt 0:00:03]} 64. Kf4 {[%emt 0:00:03]}
Kxb3 {[%emt 0:00:03]} 65. Qb1+ {[%emt 0:00:04]} Ka4 {[%emt 0:00:04]} 66. Qa2+ {
[%emt 0:00:01]} Kb5 {[%emt 0:00:01]} 67. Ke3 {[%emt 0:00:08]} Qc5+ {[%emt 0:00:
02]} 68. Kd3 {[%emt 0:00:02]} Ka6 {[%emt 0:00:00]} 69. Qc4+ {[%emt 0:00:07]}
Qb5 {[%emt 0:00:08]} 70. Qxb5+ {[%emt 0:00:04]} Kxb5 {[%emt 0:00:00]} 71. Kd4 {
[%emt 0:00:01]} c5+ {[%emt 0:00:03]} 72. Kc3 {[%emt 0:00:02]} Kxa5 {[%emt 0:00:
03]} 73. Kc4 {[%emt 0:00:00]} Kb6 {[%emt 0:00:00] BLiTzcHAmP offers a draw} 74.
Kc3 {[%emt 0:00:01]} Kb5 {[%emt 0:00:00]} 75. Kb3 {[%emt 0:00:01]} c4+ {[%emt
0:00:00]} 76. Kc3 {[%emt 0:00:00]} Kc5 {[%emt 0:00:00]} 77. Kc2 {[%emt 0:00:01]
} Kd4 {[%emt 0:00:00]} 78. Kd2 {[%emt 0:00:01]} c3+ {[%emt 0:00:00]} 79. Kc2 {
[%emt 0:00:00]} Kc4 {[%emt 0:00:01]} 80. Kc1 {[%emt 0:00:00]} Kb4 {[%emt 0:00:
01]} 81. Kc2 {[%emt 0:00:01] High_me bietet Remis Arbiter Decision (Draw by
material)} 1/2-1/2

[Event "Benidorm Satellite preliminary"]
[Site "playchess.com #007036"]
[Date "2009.10.24"]
[Round "12"]
[White "Kendo"]
[Black "Dr-Bassem"]
[Result "1/2-1/2"]
[WhiteElo "2690"]
[BlackElo "2812"]
[PlyCount "157"]
[EventDate "2009.10.24"]
[EventType "swiss (blitz)"]

1. d4 {[%emt 0:00:02]} e6 {[%emt 0:00:02]} 2. e4 {[%emt 0:00:01]} d5 {[%emt 0:
00:01]} 3. exd5 {[%emt 0:00:01]} exd5 {[%emt 0:00:01]} 4. Bd3 {[%emt 0:00:01]}
Nc6 {[%emt 0:00:02]} 5. c3 {[%emt 0:00:02]} Bd6 {[%emt 0:00:01]} 6. Nf3 {[%emt
0:00:03]} Nge7 {[%emt 0:00:01]} 7. h3 {[%emt 0:00:10]} Be6 {[%emt 0:00:07]} 8.
Qb3 {[%emt 0:00:11]} Qd7 {[%emt 0:00:11]} 9. Qxb7 {[%emt 0:00:09]} O-O {[%emt
0:00:01]} 10. Qb3 {[%emt 0:00:04]} Rfe8 {[%emt 0:00:04]} 11. Qc2 {[%emt 0:00:
12]} h6 {[%emt 0:00:22]} 12. Be3 {[%emt 0:00:18]} Nf5 {[%emt 0:00:02]} 13. O-O
{[%emt 0:00:03]} Nxe3 {[%emt 0:00:49]} 14. fxe3 {[%emt 0:00:02]} Rab8 {[%emt 0:
00:10]} 15. b3 {[%emt 0:00:13]} Ne7 {[%emt 0:00:29]} 16. Nbd2 {[%emt 0:00:30]}
Nf5 {[%emt 0:00:30]} 17. Ne5 {[%emt 0:00:17]} Bxe5 {[%emt 0:00:34]} 18. Bxf5 {
[%emt 0:00:03]} Bd6 {[%emt 0:00:01]} 19. Bxe6 {[%emt 0:00:09]} Rxe6 {[%emt 0:
00:00]} 20. Rf3 {[%emt 0:00:21] .} Rbe8 {[%emt 0:00:01]} 21. Nf1 {[%emt 0:00:
10]} Re4 {[%emt 0:00:04]} 22. c4 {[%emt 0:00:06]} c5 {[%emt 0:00:03]} 23. Rd1 {
[%emt 0:00:19]} cxd4 {[%emt 0:00:01]} 24. Rxd4 {[%emt 0:00:01]} Rxd4 {[%emt 0:
00:03]} 25. exd4 {[%emt 0:00:00]} dxc4 {[%emt 0:00:04]} 26. bxc4 {[%emt 0:00:
05]} Re1 {[%emt 0:00:02]} 27. Qf5 {[%emt 0:00:04]} Qe7 {[%emt 0:00:02]} 28. c5
{[%emt 0:00:05]} Bc7 {[%emt 0:00:03]} 29. Qc8+ {[%emt 0:00:07]} Kh7 {[%emt 0:
00:01]} 30. Qf5+ {[%emt 0:00:01]} Kg8 {[%emt 0:00:00]} 31. d5 {[%emt 0:00:02]}
Qxc5+ {[%emt 0:00:02]} 32. Kh1 {[%emt 0:00:03]} Qe7 {[%emt 0:00:04]} 33. Qc8+ {
[%emt 0:00:06]} Qd8 {[%emt 0:00:01]} 34. Qxd8+ {[%emt 0:00:02]} Bxd8 {[%emt 0:
00:01]} 35. g4 {[%emt 0:00:02]} Rd1 {[%emt 0:00:04]} 36. Kg2 {[%emt 0:00:01]}
Rxd5 {[%emt 0:00:00]} 37. Ra3 {[%emt 0:00:01]} a5 {[%emt 0:00:01]} 38. Rf3 {
[%emt 0:00:02]} Bb6 {[%emt 0:00:02]} 39. Rb3 {[%emt 0:00:01]} Rd6 {[%emt 0:00:
03]} 40. Rb5 {[%emt 0:00:02]} g6 {[%emt 0:00:02]} 41. a4 {[%emt 0:00:03]} Kg7 {
[%emt 0:00:02]} 42. Ng3 {[%emt 0:00:03]} Bd8 {[%emt 0:00:01]} 43. Ne2 {[%emt 0:
00:02]} Rd2 {[%emt 0:00:02]} 44. Kf3 {[%emt 0:00:02]} Ra2 {[%emt 0:00:01]} 45.
Rd5 {[%emt 0:00:01]} Ra3+ {[%emt 0:00:01]} 46. Kg2 {[%emt 0:00:02]} Bb6 {[%emt
0:00:06]} 47. Rb5 {[%emt 0:00:04]} Re3 {[%emt 0:00:02]} 48. Nf4 {[%emt 0:00:04]
} Re4 {[%emt 0:00:03]} 49. Nd3 {[%emt 0:00:04]} Bc7 {[%emt 0:00:03]} 50. Rc5 {
[%emt 0:00:02]} Bb6 {[%emt 0:00:01]} 51. Rb5 {[%emt 0:00:01]} Re6 {[%emt 0:00:
02]} 52. Nb2 {[%emt 0:00:02]} Bd8 {[%emt 0:00:03]} 53. Nc4 {[%emt 0:00:01]} Re4
{[%emt 0:00:01]} 54. Nxa5 {[%emt 0:00:01]} Rxa4 {[%emt 0:00:01]} 55. Nb3 {
[%emt 0:00:01]} Ra2+ {[%emt 0:00:01]} 56. Kg1 {[%emt 0:00:04]} Bf6 {[%emt 0:00:
01]} 57. Rb7 {[%emt 0:00:02]} Rb2 {[%emt 0:00:01]} 58. Kh1 {[%emt 0:00:02]} Be5
{[%emt 0:00:06]} 59. Rb5 {[%emt 0:00:02]} Kf6 {[%emt 0:00:01]} 60. Kg1 {[%emt
0:00:02]} h5 {[%emt 0:00:03]} 61. gxh5 {[%emt 0:00:01]} gxh5 {[%emt 0:00:00]}
62. Kf1 {[%emt 0:00:00]} Bc3 {[%emt 0:00:01]} 63. Rb7 {[%emt 0:00:02]} Kg6 {
[%emt 0:00:01]} 64. Nc5 {[%emt 0:00:01]} Rxb7 {[%emt 0:00:01]} 65. Nxb7 {[%emt
0:00:00]} Bb4 {[%emt 0:00:00]} 66. Nd8 {[%emt 0:00:01]} f5 {[%emt 0:00:01]} 67.
Ne6 {[%emt 0:00:02]} Bd6 {[%emt 0:00:04]} 68. Kg2 {[%emt 0:00:06]} Kf6 {[%emt
0:00:01]} 69. Nd4 {[%emt 0:00:01]} Ke5 {[%emt 0:00:01]} 70. Nf3+ {[%emt 0:00:
01]} Kf4 {[%emt 0:00:01]} 71. Nh4 {[%emt 0:00:02]} Ke4 {[%emt 0:00:02]} 72. Nf3
{[%emt 0:00:01]} f4 {[%emt 0:00:01]} 73. Ng5+ {[%emt 0:00:01]} Ke3 {[%emt 0:00:
01]} 74. Nf3 {[%emt 0:00:00]} Be7 {[%emt 0:00:01]} 75. Ng1 {[%emt 0:00:01]} Bf6
{[%emt 0:00:01]} 76. Nf3 {[%emt 0:00:00]} Ke4 {[%emt 0:00:08]} 77. Nh2 {[%emt
0:00:00] Dr-Bassem offers a draw} Ke3 {[%emt 0:00:06]} 78. Nf3 {[%emt 0:00:00]
Kendo bietet Remis} Ke4 {[%emt 0:00:01]} 79. Nh2 {[%emt 0:00:01] (Lag: Av=0.
78s, max=1.7s)} 1/2-1/2

[Event "Benidorm Satellite preliminary"]
[Site "playchess.com #007036"]
[Date "2009.10.24"]
[Round "12"]
[White "Dimitri_Ovanov"]
[Black "Bobby Short"]
[Result "1-0"]
[WhiteElo "1606"]
[BlackElo "1434"]
[PlyCount "129"]
[EventDate "2009.10.24"]
[EventType "swiss (blitz)"]

1. c4 {[%emt 0:00:27]} c5 {[%emt 0:00:02]} 2. Nc3 {[%emt 0:00:02]} Nc6 {[%emt
0:00:03]} 3. Nf3 {[%emt 0:00:02]} Nf6 {[%emt 0:00:01]} 4. d3 {[%emt 0:00:01]}
g6 {[%emt 0:00:01]} 5. g3 {[%emt 0:00:01]} Bg7 {[%emt 0:00:01]} 6. Bg2 {[%emt
0:00:01]} O-O {[%emt 0:00:00]} 7. O-O {[%emt 0:00:02]} d6 {[%emt 0:00:00]} 8.
e4 {[%emt 0:00:03]} Bd7 {[%emt 0:00:01]} 9. Bd2 {[%emt 0:00:02]} Rc8 {[%emt 0:
00:02]} 10. a3 {[%emt 0:00:04]} a6 {[%emt 0:00:01]} 11. Rb1 {[%emt 0:00:03]}
Rb8 {[%emt 0:00:20]} 12. Ng5 {[%emt 0:00:17]} b5 {[%emt 0:00:03]} 13. cxb5 {
[%emt 0:00:03]} axb5 {[%emt 0:00:03]} 14. f4 {[%emt 0:00:02]} Nd4 {[%emt 0:00:
02]} 15. Ne2 {[%emt 0:00:27]} Bg4 {[%emt 0:00:03]} 16. Nf3 {[%emt 0:00:04]}
Nxf3+ {[%emt 0:00:07]} 17. Bxf3 {[%emt 0:00:01]} e5 {[%emt 0:00:15]} 18. Kg2 {
[%emt 0:00:22]} Qd7 {[%emt 0:00:06]} 19. h4 {[%emt 0:00:06]} Bh3+ {[%emt 0:00:
04]} 20. Kf2 {[%emt 0:00:01]} Ng4+ {[%emt 0:00:06]} 21. Bxg4 {[%emt 0:00:02]}
Qxg4 {[%emt 0:00:09]} 22. Rh1 {[%emt 0:00:03]} exf4 {[%emt 0:00:05]} 23. Bxf4 {
[%emt 0:00:03]} f5 {[%emt 0:00:21]} 24. exf5 {[%emt 0:00:14]} Rxf5 {[%emt 0:00:
04]} 25. Ng1 {[%emt 0:00:37]} Bd4+ {[%emt 0:00:06]} 26. Ke1 {[%emt 0:00:09]}
Re8+ {[%emt 0:00:15]} 27. Kd2 {[%emt 0:00:01]} Rxf4 {[%emt 0:00:31]} 28. Nxh3 {
[%emt 0:00:28]} Qxg3 {[%emt 0:00:21] '} 29. Nxf4 {[%emt 0:00:02]} Qxf4+ {[%emt
0:00:01]} 30. Kc2 {[%emt 0:00:01]} Re2+ {[%emt 0:00:03]} 31. Qxe2 {[%emt 0:00:
02]} c4 {[%emt 0:00:05]} 32. Qe6+ {[%emt 0:00:03]} Kg7 {[%emt 0:00:02]} 33.
Qd7+ {[%emt 0:00:01]} Kh6 {[%emt 0:00:02]} 34. dxc4 {[%emt 0:00:05]} bxc4 {
[%emt 0:00:03]} 35. Rbe1 {[%emt 0:00:03]} Qf2+ {[%emt 0:00:04]} 36. Kd1 {[%emt
0:00:01]} Qf3+ {[%emt 0:00:03]} 37. Re2 {[%emt 0:00:01]} Qxh1+ {[%emt 0:00:04]}
38. Kc2 {[%emt 0:00:00]} Qd5 {[%emt 0:00:11]} 39. Qe6 {[%emt 0:00:01]} Qf3 {
[%emt 0:00:08]} 40. Qe4 {[%emt 0:00:04]} Qb3+ {[%emt 0:00:05]} 41. Kc1 {[%emt
0:00:03]} Qd3 {[%emt 0:00:08]} 42. Qxd3 {[%emt 0:00:01]} cxd3 {[%emt 0:00:01]}
43. Re4 {[%emt 0:00:01]} Bf2 {[%emt 0:00:03]} 44. Kd2 {[%emt 0:00:01]} d5 {
[%emt 0:00:02]} 45. Re5 {[%emt 0:00:02]} d4 {[%emt 0:00:01]} 46. Kxd3 {[%emt 0:
00:02]} Bxh4 {[%emt 0:00:04]} 47. b4 {[%emt 0:00:01]} Bf2 {[%emt 0:00:02]} 48.
b5 {[%emt 0:00:01]} Be1 {[%emt 0:00:02]} 49. Rd5 {[%emt 0:00:01]} Ba5 {[%emt 0:
00:03]} 50. Rd6 {[%emt 0:00:01]} Bc7 {[%emt 0:00:03]} 51. Rc6 {[%emt 0:00:02]}
Kg5 {[%emt 0:00:01]} 52. b6 {[%emt 0:00:01]} Bb8 {[%emt 0:00:02]} 53. b7 {
[%emt 0:00:01]} h5 {[%emt 0:00:02]} 54. Rc8 {[%emt 0:00:01]} Be5 {[%emt 0:00:
02]} 55. b8=Q {[%emt 0:00:01]} Bxb8 {[%emt 0:00:01]} 56. Rxb8 {[%emt 0:00:01]}
h4 {[%emt 0:00:00]} 57. Kxd4 {[%emt 0:00:01]} h3 {[%emt 0:00:00]} 58. Rh8 {
[%emt 0:00:02]} Kg4 {[%emt 0:00:00]} 59. Ke4 {[%emt 0:00:02]} Kg3 {[%emt 0:00:
00]} 60. a4 {[%emt 0:00:04]} g5 {[%emt 0:00:01]} 61. a5 {[%emt 0:00:01]} h2 {
[%emt 0:00:00]} 62. a6 {[%emt 0:00:01]} Kg2 {[%emt 0:00:00]} 63. Kf5 {[%emt 0:
00:02]} h1=Q {[%emt 0:00:00]} 64. Rxh1 {[%emt 0:00:02]} Kxh1 {[%emt 0:00:01]}
65. Kxg5 {[%emt 0:00:02] Bobby Short gibt auf} 1-0

[Event "Benidorm Satellite preliminary"]
[Site "playchess.com #007036"]
[Date "2009.10.24"]
[Round "12"]
[White "Came On"]
[Black "Lagano"]
[Result "1/2-1/2"]
[WhiteElo "2542"]
[BlackElo "1970"]
[PlyCount "160"]
[EventDate "2009.10.24"]
[EventType "swiss (blitz)"]

1. e4 {[%emt 0:00:02]} e6 {[%emt 0:00:01]} 2. Nc3 {[%emt 0:00:00]} d5 {[%emt 0:
00:02]} 3. Nf3 {[%emt 0:00:00]} Nf6 {[%emt 0:00:04]} 4. e5 {[%emt 0:00:01]}
Nfd7 {[%emt 0:00:01]} 5. d4 {[%emt 0:00:00]} c5 {[%emt 0:00:04]} 6. dxc5 {
[%emt 0:00:00]} Nxc5 {[%emt 0:00:02]} 7. Bd3 {[%emt 0:00:01]} Nc6 {[%emt 0:00:
02]} 8. O-O {[%emt 0:00:01]} Nxd3 {[%emt 0:00:02]} 9. cxd3 {[%emt 0:00:01]} a6
{[%emt 0:00:01]} 10. Qe2 {[%emt 0:00:00]} Be7 {[%emt 0:00:03]} 11. Bf4 {[%emt
0:00:01]} O-O {[%emt 0:00:02]} 12. Rac1 {[%emt 0:00:00]} Bd7 {[%emt 0:00:11]}
13. a3 {[%emt 0:00:02]} b5 {[%emt 0:00:02]} 14. h3 {[%emt 0:00:03]} Rc8 {[%emt
0:00:02] Lagano offers a draw} 15. Rfd1 {[%emt 0:00:07]} h6 {[%emt 0:00:20]}
16. g4 {[%emt 0:00:06]} f6 {[%emt 0:00:04]} 17. Kg2 {[%emt 0:00:03]} fxe5 {
[%emt 0:00:03]} 18. Bxe5 {[%emt 0:00:01]} Bf6 {[%emt 0:00:04]} 19. Bd6 {[%emt
0:00:03]} Be7 {[%emt 0:00:08]} 20. Bg3 {[%emt 0:00:01]} Qb6 {[%emt 0:00:12]}
21. d4 {[%emt 0:00:06]} Bf6 {[%emt 0:00:04]} 22. Ne5 {[%emt 0:00:11]} Bxe5 {
[%emt 0:00:10]} 23. dxe5 {[%emt 0:00:01]} Rf7 {[%emt 0:00:02]} 24. b4 {[%emt 0:
00:20]} Rcf8 {[%emt 0:00:03]} 25. Rd2 {[%emt 0:00:03]} Bc8 {[%emt 0:00:34]} 26.
h4 {[%emt 0:00:04]} Bb7 {[%emt 0:00:03]} 27. g5 {[%emt 0:00:08]} Ne7 {[%emt 0:
00:06]} 28. gxh6 {[%emt 0:00:06]} gxh6 {[%emt 0:00:02]} 29. Kg1 {[%emt 0:00:17]
} Nf5 {[%emt 0:00:02]} 30. Rd3 {[%emt 0:00:06]} Rg7 {[%emt 0:00:07]} 31. Kh1 {
[%emt 0:00:45]} Qc6 {[%emt 0:00:13]} 32. Na2 {[%emt 0:00:10]} Qb6 {[%emt 0:00:
11]} 33. Nc3 {[%emt 0:00:08]} Nxg3+ {[%emt 0:00:17]} 34. Rxg3 {[%emt 0:00:05]}
Rxg3 {[%emt 0:00:03]} 35. fxg3 {[%emt 0:00:02]} d4+ {[%emt 0:00:05]} 36. Ne4 {
[%emt 0:00:02]} d3 {[%emt 0:00:25]} 37. Qxd3 {[%emt 0:00:10]} Qf2 {[%emt 0:00:
12]} 38. Rc7 {[%emt 0:00:40] .} Rf3 {[%emt 0:00:02]} 39. Qd8+ {[%emt 0:00:16]}
Rf8 {[%emt 0:00:02]} 40. Qxf8+ {[%emt 0:00:02]} Qxf8 {[%emt 0:00:02]} 41. Rxb7
{[%emt 0:00:00]} Qf3+ {[%emt 0:00:01]} 42. Kh2 {[%emt 0:00:00]} Qxe4 {[%emt 0:
00:00]} 43. Rb6 {[%emt 0:00:01]} Qe2+ {[%emt 0:00:01]} 44. Kh3 {[%emt 0:00:01]}
h5 {[%emt 0:00:02]} 45. Rxa6 {[%emt 0:00:02]} Qg4+ {[%emt 0:00:01]} 46. Kh2 {
[%emt 0:00:01]} Qf5 {[%emt 0:00:03]} 47. Ra5 {[%emt 0:00:02]} Qxe5 {[%emt 0:00:
01]} 48. a4 {[%emt 0:00:01]} Qe1 {[%emt 0:00:02]} 49. Kh3 {[%emt 0:00:00]} bxa4
{[%emt 0:00:01]} 50. Rxh5 {[%emt 0:00:02]} Qf1+ {[%emt 0:00:03]} 51. Kh2 {
[%emt 0:00:02]} Qf2+ {[%emt 0:00:01]} 52. Kh3 {[%emt 0:00:00]} Qf5+ {[%emt 0:
00:02]} 53. Rxf5 {[%emt 0:00:04]} exf5 {[%emt 0:00:01]} 54. b5 {[%emt 0:00:00]}
a3 {[%emt 0:00:01]} 55. b6 {[%emt 0:00:00]} a2 {[%emt 0:00:01]} 56. b7 {[%emt
0:00:00]} a1=Q {[%emt 0:00:03]} 57. b8=Q+ {[%emt 0:00:00]} Kg7 {[%emt 0:00:01]}
58. Qb7+ {[%emt 0:00:01]} Kg6 {[%emt 0:00:01]} 59. Qc6+ {[%emt 0:00:03]} Kg7 {
[%emt 0:00:02]} 60. Qg2 {[%emt 0:00:03]} Qd1 {[%emt 0:00:06]} 61. Kh2 {[%emt 0:
00:01]} Kg6 {[%emt 0:00:02]} 62. Qf2 {[%emt 0:00:00]} Qd5 {[%emt 0:00:04]} 63.
Qe3 {[%emt 0:00:03]} Kg7 {[%emt 0:00:03]} 64. h5 {[%emt 0:00:03]} Kh7 {[%emt 0:
00:02]} 65. Qe7+ {[%emt 0:00:02]} Kh6 {[%emt 0:00:01]} 66. Qe8 {[%emt 0:00:16]}
Qd2+ {[%emt 0:00:04]} 67. Kh3 {[%emt 0:00:01]} Qg5 {[%emt 0:00:01]} 68. Qe6+ {
[%emt 0:00:02]} Kh7 {[%emt 0:00:03]} 69. Qf7+ {[%emt 0:00:01]} Kh6 {[%emt 0:00:
02]} 70. Qe6+ {[%emt 0:00:01]} Kh7 {[%emt 0:00:01]} 71. h6 {[%emt 0:00:01]}
Qxh6+ {[%emt 0:00:02]} 72. Qxh6+ {[%emt 0:00:01]} Kxh6 {[%emt 0:00:00]} 73. Kg2
{[%emt 0:00:00]} Kg5 {[%emt 0:00:02]} 74. Kf3 {[%emt 0:00:00]} Kg6 {[%emt 0:00:
02]} 75. Ke3 {[%emt 0:00:01]} Kf7 {[%emt 0:00:03]} 76. Kd4 {[%emt 0:00:01]} Kf6
{[%emt 0:00:03]} 77. Kd5 {[%emt 0:00:03]} Kg5 {[%emt 0:00:01]} 78. Ke5 {[%emt
0:00:00]} Kg4 {[%emt 0:00:01]} 79. Kf6 {[%emt 0:00:00] Lagano offers a draw} f4
{[%emt 0:00:02]} 80. gxf4 {[%emt 0:00:02]} Kxf4 {[%emt 0:00:01]} 1/2-1/2